[Event "Guwahati op 3rd"]
[Site "Guwahati"]
[Date "2019.10.07"]
[Round "1"]
[White "Bonney, Joanes Kharbani"]
[Black "Sriram, Jha"]
[Result "0-1"]
[WhiteElo "1225"]
[BlackElo "2385"]
[PlyCount "102"]
[EventDate "2019.10.07"]
[EventType "swiss"]
[EventRounds "10"]
[EventCountry "IND"]
[SourceTitle "CBM 192 Extra"]
[Source "Chessbase"]
[SourceDate "2019.11.06"]
[SourceVersion "1"]
[SourceVersionDate "2019.11.06"]
[SourceQuality "1"]

1. c4 c5 2. Nc3 Nc6 3. Nf3 g6 4. g3 Bg7 5. Bg2 d6 6. 0-0 Bf5 7. d3 Qd7 8. Nd5 Rc8 9. e4 Bh3 10. Re1 Bxg2 11. Kxg2 e6 12. Nf4 Nge7 13. Rb1 0-0 14. b3 h6 15. Bb2 e5 16. Nd5 f5 17. Bc1 Rf7 18. Rb2 Rcf8 19. Ng1 Nd4 20. Be3 Ne6 21. f3 Nc6 22. Rf2 g5 23. exf5 Rxf5 24. g4 R5f7 25. Ne2 Nf4+ 26. Bxf4 gxf4 27. Nec3 Bf6 28. Nxf6+ Rxf6 29. Nd5 Rg6 30. h3 h5 31. Qe2 Nd4 32. Qe4 Kg7 33. Kh2 hxg4 34. fxg4 Rh8 35. Kg2 Rxh3 36. Qxg6+ Kxg6 37. Kxh3 Qh7+ 38. Kg2 Qh4 39. Rg1 Qg3+ 40. Kf1 Qxd3+ 41. Kg2 Qg3+ 42. Kf1 Qh3+ 43. Ke1 Qd3 44. Rb2 Nf3+ 45. Kf2 Nxg1 46. Kxg1 Kg5 47. Rg2 f3 48. Rf2 e4 49. Kh2 Qd4 50. Kg3 Qe5+ 51. Kh3 Qh8+ 0-1